LEADER 01324nam a2200253 u 4500 001 000000037367 003 CaOOAMICUS 005 20070226113746.0 008 980406s1911 it u000 u ita u 035 $a10789325 040 $aPUL(R)$bita 100 1 $aBernardini, Cino.$0(OLS)http://pul/name/28053 245 13$aLa dimissione degli alienati criminali dal manicomio e gli art. 64, 66 e 69 del Regolamento generale /$cCino Bernardini. 260 $aReggio Emilia :$bSoc. An. fra Lavoranti tipografi,$c1911. 300 $a10 p. ;$c24 cm 490 1 $aRivista sperimentale di Freniatria e medicina legale delle alienazioni mentali ;$v37,IV 504 $aBibliografia in nota. 650 4$aMalattie mentali.$0(OLS)http://pul/subject/6491 830 0$aRivista sperimentale di Freniatria e medicina legale delle alienazioni mentali ;$v37,IV.$0(OLS)http://pul/title/50889 850 $aPUL 852 $aPUL$W1$xDP1 Miscellanee$y10$mMiscell.A.Borettini.95$j51049$nBK-PRI$b $qStampati Miscellanee$B51049$CPULBib$Z2$F51049 $H $81 941 1 $a17 996 $6245$aLa dimissione degli alienati criminali dal manicomio e gli art. 64, 66 e 69 del Regolamento generale$9(OLS)http://pul/title/50888 996 $6260$aReggio Emilia :$bSoc. An. fra Lavoranti tipografi$9(OLS)http://pul/publisher/63282 LEADER 01188nam a2200265 a 4500 001 000000154239 003 CaOOAMICUS 005 20160923154351.0 008 160923s1948 it u000 u lat r 032 $aLibriCat 040 $aPUL$bita 100 1 $aLemeer, P. B. M.$0(OLS)http://pul/name/98197 245 10$aDe desiderio naturali ad visionem beatificam /$cp. P. B. M. Lemeer, o.p. 260 $aRomae :$b[Tip. "Pio X"],$c1948. 300 $a70 p. ; $c25 cm. 502 $aPars dissertationis ad lauream in facultate S. Theologiae apud Pontificium Institutum Angelicum de Urbe. 1948. 504 $aBibliografia in nota a pič pagina. 650 04$aTeologia spirituale.$0(OLS)http://pul/subject/41013 710 2 $aPontificio Ateneo Angelicum.$bFacoltŕ di Teologia.$kTesi.$0(OLS)http://pul/name/97565 850 $aPUL 852 $aPUL$W1$xDP1 Tesi Pon. Univ. S. Tommaso$y44$mTH S.THOM TH34$j177297$qTesi$B180267$CPULBib$Z2$F180267 $H13289 $81 941 1 $a16 996 $6245$aDe desiderio naturali ad visionem beatificam$9(OLS)http://pul/title/193826 996 $6260$aRomae :$b[Tip. "Pio X"]$9(OLS)http://pul/publisher/58420